000 00613nam a22002417a 4500
001 BR6002118
003 BR-BrBNA
005 20230928095559.0
007 ta
008 230509b bl.||||| |||| 00| 0 por d
040 _aBR-BrBNA
_bpor
_cBiblioteca Nacional de Agricultura
041 _a(Por)
072 _aF70
090 _ F70 BR6002118
100 1 _aDecker, J.S.
245 1 _aAspectos biologicos da flora brasileira
260 3 _aSao Leopoldo, RS (Brasil):
_bRotermund,
_c1936.
300 _a640 p.
650 _aFlora
650 _aBotanica
909 _a202309
_bLucia
_c55
_dLucia Elande
942 _cBK
999 _c57420
_d57420